[Event "32nd ECC Open 2016"]
[Site "Novi Sad SRB"]
[Date "2016.11.07"]
[Round "2.18"]
[Board "4"]
[White "Karralliu, Fuat"]
[Black "Kytoniemi, Jyrki"]
[Result "0-1"]
[BlackTitle "FM"]
[WhiteElo "1931"]
[BlackElo "2218"]
[WhiteTeam "Butrinti"]
[BlackTeam "Tammer-Shakki"]
[WhiteFideId "4702166"]
[BlackFideId "501425"]
[EventDate "2016.11.06"]

1. e4 b6 2. f4 Bb7 3. Nc3 e6 4. Nf3 Nf6 5. d3 Bb4 6. a3 Bxc3+ 7. bxc3 d5 8. e5
Nfd7 9. Be2 Nc6 10. d4 Ne7 11. O-O c5 12. Kh1 Qc8 13. Be3 Ba6 14. Bf2 Bxe2 15.
Qxe2 Qc6 16. Rfc1 c4 17. h3 b5 18. Bh4 Nf5 19. Be1 h5 20. Nh4 Nb6 21. Nxf5 exf5
22. Bh4 Kd7 23. Kh2 Rae8 24. Rab1 Re6 25. Qe3 a6 26. Rb4 Rg6 27. Rcb1 Rc8 28.
Qf3 Rh6 29. Re1 Re8 30. Re3 Ree6 31. Rb1 Rh8 32. Qf2 Qc8 33. Rg3 g6 34. Re3 Kc6
35. Qd2 Qc7 36. Qc1 Na4 37. Qd2 Rb8 38. Be1 Qe7 39. Qc1 Rb7 40. Rf3 Nb6 41. Rb4
Kc7 42. Rf1 Kc6 43. Bd2 Qh4 44. Qe1 Qxe1 45. Rxe1 a5 46. Rbb1 Na8 47. Kg3 Nc7
48. Rb2 Kd7 49. Reb1 Reb6 50. a4 Kc6 51. Kh4 Ne6 52. axb5+ Rxb5 53. Rxb5 Rxb5
54. Rxb5 Kxb5 55. g4 hxg4 56. hxg4 Kc6 57. gxf5 gxf5 58. Kg3 Nc7 59. Bc1 Kd7 60.
Kf3 Nb5 61. Bb2 a4 62. Ke3 Ke7 63. Kd2 Kf8 64. Ke3 Kg7 65. Ba1 Kg6 66. Bb2 Kh6
67. Kf3 Kh5 68. Ba1 a3 69. Kf2 Kg4 70. Kg2 Na7 71. Kf2 Nc6 72. Kg2 Na5 73. Kf2
Nb3 0-1

[Event "32nd ECC Open 2016"]
[Site "Novi Sad SRB"]
[Date "2016.11.07"]
[Round "2.18"]
[Board "5"]
[White "Torkkola, Henri"]
[Black "Mihasi, Erald"]
[Result "0-1"]
[WhiteElo "2223"]
[BlackElo "1845"]
[WhiteTeam "Tammer-Shakki"]
[BlackTeam "Butrinti"]
[WhiteFideId "507660"]
[BlackFideId "4700902"]
[EventDate "2016.11.06"]

1. d4 Nf6 2. Bf4 d5 3. e3 Bf5 4. c4 c6 5. Nc3 e6 6. Qb3 Qc8 7. Rc1 dxc4 8. Bxc4
Be7 9. Nf3 Ne4 10. O-O Nxc3 11. Rxc3 O-O 12. Re1 Nd7 13. e4 Bg6 14. d5 Nc5 15.
Qa3 Nd3 16. Qxe7 Nxe1 17. Nxe1 exd5 18. Bb3 Re8 19. Qg5 Rxe4 20. Nf3 Qe8 21. h4
Re2 22. h5 f6 23. Qh4 Bxh5 24. Bc2 Rxc2 25. Rxc2 Bxf3 26. Rc3 Be4 27. Rg3 Bg6
28. Be3 Qe4 29. Rg4 Qb1+ 30. Kh2 Re8 31. Qg3 Qxb2 32. Bd4 Qc2 33. Qc7 Qf5 34. f3
Qc8 35. Qg3 Qe6 36. Bxa7 Qe1 37. Qc7 Qe5+ 38. Qxe5 fxe5 39. Rb4 b5 40. a4 bxa4
41. Rxa4 Ra8 42. Ra3 Kf7 43. Kg3 Ke6 44. Kf2 d4 45. Ke2 Kd7 46. Kd2 Kc8 47. Bc5
Rxa3 48. Bxa3 e4 49. Bc5 d3 50. Bd4 exf3 51. gxf3 h5 52. Bxg7 h4 53. Ke3 Kd7 54.
Bc3 Ke6 55. Be1 h3 56. Bg3 Kd5 57. Bh2 Kc4 58. Be5 Kb3 59. Kd2 c5 60. Bf4 c4 61.
Kd1 c3 62. Be5 d2 63. Bf4 Bc2+ 0-1

[Event "32nd ECC Open 2016"]
[Site "Novi Sad SRB"]
[Date "2016.11.07"]
[Round "2.19"]
[Board "1"]
[White "Hansen, Torbjorn Ringdal"]
[Black "Nijboer, Friso"]
[Result "0-1"]
[WhiteTitle "GM"]
[BlackTitle "GM"]
[WhiteElo "2448"]
[BlackElo "2550"]
[WhiteTeam "Sjakklubben AV 1911"]
[BlackTeam "En Passant"]
[WhiteFideId "1501720"]
[BlackFideId "1000063"]
[EventDate "2016.11.06"]

1. c4 f5 2. Nf3 Nf6 3. g3 g6 4. Bg2 Bg7 5. O-O d6 6. d4 O-O 7. Nc3 e6 8. b3 Nc6
9. Ba3 Ne4 10. Rc1 Nxc3 11. Rxc3 g5 12. e3 Bd7 13. Rc1 Qf6 14. d5 Nd8 15. dxe6
Nxe6 16. c5 Bb5 17. cxd6 Bxf1 18. Bxf1 cxd6 19. Bc4 Kh8 20. Bxe6 Qxe6 21. Nxg5
Qg6 22. h4 0-1

[Event "32nd ECC Open 2016"]
[Site "Novi Sad SRB"]
[Date "2016.11.07"]
[Round "2.19"]
[Board "2"]
[White "Vedder, Henk"]
[Black "Elsness, Frode"]
[Result "0-1"]
[WhiteTitle "IM"]
[BlackTitle "IM"]
[WhiteElo "2370"]
[BlackElo "2442"]
[WhiteTeam "En Passant"]
[BlackTeam "Sjakklubben AV 1911"]
[WhiteFideId "1002872"]
[BlackFideId "1501100"]
[EventDate "2016.11.06"]

1. e4 e5 2. Nf3 Nc6 3. Bc4 Bc5 4. c3 Nf6 5. d3 d6 6. Bb3 h6 7. Nbd2 a5 8. O-O
O-O 9. Nc4 b5 10. Ne3 a4 11. Bc2 Bb6 12. h3 d5 13. exd5 Nxd5 14. Ng4 Qd6 15. Re1
Re8 16. d4 Bxg4 17. hxg4 exd4 18. Rxe8+ Rxe8 19. Qd3 Nf6 20. g5 Ne4 21. Qxb5 d3
22. Qxd3 Bxf2+ 23. Kf1 Qc5 24. Bf4 Bg1 25. Qe2 Ng3+ 26. Bxg3 Rxe2 27. Kxe2 Qb5+
28. Kd2 Be3+ 29. Kxe3 Qxb2 30. Bxa4 Qxa1 31. Be1 Ne5 32. Bd2 Nc4+ 33. Ke2 Qxa2
34. Bb5 Nxd2 35. Nxd2 Qe6+ 36. Kd1 Qg4+ 37. Be2 Qxg5 38. Bf3 Qe3 39. c4 h5 40.
Bd5 g6 41. Kc2 Kg7 0-1

[Event "32nd ECC Open 2016"]
[Site "Novi Sad SRB"]
[Date "2016.11.07"]
[Round "2.19"]
[Board "3"]
[White "Risting, Eivind Olav"]
[Black "Peng, Zhaoqin"]
[Result "1-0"]
[WhiteTitle "FM"]
[BlackTitle "GM"]
[WhiteElo "2175"]
[BlackElo "2380"]
[WhiteTeam "Sjakklubben AV 1911"]
[BlackTeam "En Passant"]
[WhiteFideId "1517333"]
[BlackFideId "1004786"]
[EventDate "2016.11.06"]

1. e4 d6 2. d4 Nf6 3. Nc3 e5 4. Nf3 Nbd7 5. g4 g6 6. g5 Nh5 7. Be3 c6 8. Qd2 Be7
9. O-O-O O-O 10. Kb1 Qc7 11. h4 b5 12. d5 b4 13. Ne2 cxd5 14. exd5 a5 15. Ng3
Nc5 16. Bxc5 Nxg3 17. fxg3 Qxc5 18. Bh3 e4 19. Nd4 Bxh3 20. Nc6 Rae8 21. Rxh3 h5
22. Qe2 f5 23. gxf6 Bxf6 24. Rh2 Be5 25. Qxe4 Kh7 26. Qd3 Bg7 27. Re2 Rxe2 28.
Qxe2 Rf5 29. Qd3 Bf6 30. Qe4 a4 31. Qxb4 Qxd5 32. Qb7+ Kh6 33. Rc1 a3 34. bxa3
Rf3 35. Nd8 Qxb7+ 36. Nxb7 Be5 37. Rd1 Rxa3 38. Nxd6 Ra6 39. Nf7+ 1-0

[Event "32nd ECC Open 2016"]
[Site "Novi Sad SRB"]
[Date "2016.11.07"]
[Round "2.19"]
[Board "4"]
[White "Van de Griendt, Jan Willem"]
[Black "Ranaldi, Lucas"]
[Result "1-0"]
[WhiteTitle "IM"]
[WhiteElo "2357"]
[BlackElo "2292"]
[WhiteTeam "En Passant"]
[BlackTeam "Sjakklubben AV 1911"]
[WhiteFideId "1002112"]
[BlackFideId "1519484"]
[EventDate "2016.11.06"]

1. d4 Nf6 2. c4 g6 3. Nc3 Bg7 4. e4 d6 5. f3 O-O 6. Be3 c5 7. d5 a6 8. a4 e6 9.
Qd2 exd5 10. cxd5 Nbd7 11. Nh3 Rb8 12. Nf2 Qc7 13. Be2 Re8 14. O-O c4 15. Rfc1
b5 16. axb5 axb5 17. b4 Nf8 18. Ra7 Qd8 19. Rca1 Re7 20. R1a5 Bd7 21. Bf1 Ne8
22. Ne2 f5 23. Bg5 Bf6 24. Bxf6 Nxf6 25. Qd4 Kf7 26. Nc3 f4 27. g3 fxg3 28. hxg3
g5 29. Bh3 Be8 30. e5 dxe5 31. Qxe5 Rbb7 32. Be6+ Nxe6 33. dxe6+ Kg6 34. Nfe4
Nxe4 35. Qxe4+ Kh6 36. Rxb7 Rxb7 37. Qxb7 Qd4+ 38. Kg2 Qxc3 39. e7 Qc2+ 40. Kh3
Qf5+ 41. g4 Qb1 42. Qb6+ Bg6 43. e8=Q Qf1+ 44. Kg3 Qe1+ 45. Qxe1 1-0

[Event "32nd ECC Open 2016"]
[Site "Novi Sad SRB"]
[Date "2016.11.07"]
[Round "2.19"]
[Board "5"]
[White "Kjolberg, Jens Hjorth"]
[Black "Vedder, Richard"]
[Result "0-1"]
[BlackTitle "FM"]
[WhiteElo "2145"]
[BlackElo "2208"]
[WhiteTeam "Sjakklubben AV 1911"]
[BlackTeam "En Passant"]
[WhiteFideId "1508172"]
[BlackFideId "1004166"]
[EventDate "2016.11.06"]

1. e4 e5 2. Nf3 Nc6 3. Bb5 a6 4. Ba4 Nf6 5. O-O Nxe4 6. d4 b5 7. Bb3 d5 8. dxe5
Be6 9. Nbd2 Nc5 10. c3 Be7 11. Bc2 Bg4 12. Re1 Qd7 13. Nb3 Ne6 14. h3 Bh5 15.
Bf5 Rd8 16. Qd3 Bg6 17. Bxg6 hxg6 18. Nfd4 Ncxd4 19. cxd4 Rh4 20. Be3 a5 21. a3
a4 22. Nd2 c5 23. Nf3 c4 24. Qc2 Rh8 25. Kh2 g5 26. g4 Nf4 27. Bxf4 Qxg4 28. Ng1
Qxf4+ 29. Kg2 g4 30. Re3 gxh3+ 31. Nxh3 Qxd4 32. e6 Qg4+ 33. Rg3 Qxe6 34. Qd2
Kf8 35. Re1 Qf6 36. Rf3 Qd6 37. Qd4 Bf6 38. Qa7 Rh4 0-1

[Event "32nd ECC Open 2016"]
[Site "Novi Sad SRB"]
[Date "2016.11.07"]
[Round "2.19"]
[Board "6"]
[White "De Graaf, Dick"]
[Black "Berntsen-Oybo, August"]
[Result "1-0"]
[WhiteElo "2207"]
[BlackElo "1974"]
[WhiteTeam "En Passant"]
[BlackTeam "Sjakklubben AV 1911"]
[WhiteFideId "1005677"]
[BlackFideId "1520555"]
[EventDate "2016.11.06"]

1. e4 c5 2. Nc3 Nc6 3. g3 g6 4. Bg2 Bg7 5. d3 d6 6. f4 Bd7 7. Nh3 Nf6 8. f5 Ne5
9. O-O Qb6 10. Kh1 O-O-O 11. Nf4 Bc6 12. Nfd5 Nxd5 13. Nxd5 Bxd5 14. exd5 Kb8
15. a4 Qc7 16. a5 Rhf8 17. Be3 Nd7 18. c3 Rc8 19. Qe2 Qd8 20. Bg5 Nf6 21. Bd2
Qd7 22. g4 h6 23. Rab1 g5 24. b4 Ne8 25. bxc5 dxc5 26. a6 b6 27. Be1 Nd6 28. c4
Bd4 29. Bg3 Rfe8 30. Qf3 Qa4 31. Rfe1 Bf6 32. Re2 Qxa6 33. Rbe1 Qb7 34. Bxd6+
exd6 35. Rxe8 Be5 36. Rxc8+ Qxc8 37. Rxe5 dxe5 1-0

[Event "32nd ECC Open 2016"]
[Site "Novi Sad SRB"]
[Date "2016.11.07"]
[Round "2.20"]
[Board "1"]
[White "Theodorou, Nikolas"]
[Black "Feygin, Michael"]
[Result "1/2-1/2"]
[BlackTitle "GM"]
[WhiteElo "2481"]
[BlackElo "2473"]
[WhiteTeam "Chania Chess Academy"]
[BlackTeam "KSK Rochade Eupen-Kelmis"]
[WhiteFideId "4262875"]
[BlackFideId "14103109"]
[EventDate "2016.11.06"]

1. Nf3 Nf6 2. c4 c5 3. d4 e6 4. Nc3 cxd4 5. Nxd4 Nc6 6. a3 Be7 7. e4 O-O 8. Nf3
b6 9. Be2 Bb7 10. O-O d6 11. Bf4 Rc8 12. Rc1 Rc7 13. Qc2 Rd7 14. Rfd1 Qa8 15.
Qb1 Rfd8 16. Re1 h6 17. h3 Rc8 18. b4 Rdd8 19. Bf1 Nd7 20. Bg3 Nce5 21. Nd2 Ng6
22. Rcd1 Nf6 23. Qb3 Bf8 24. Bh2 a6 25. Na4 Nd7 26. Qe3 Qa7 27. Nb1 Bc6 28. Nbc3
Qc7 29. c5 bxc5 30. Nxc5 Nxc5 31. bxc5 Bb7 32. Na4 Qa5 33. Qb3 dxc5 34. Nb6 Rxd1
35. Rxd1 Re8 36. Nc4 Qb5 37. Qc2 Qc6 38. f3 Ba8 39. Rb1 Qd7 40. Nb6 Qd4+ 41. Kh1
Bb7 42. Rd1 Qf6 43. Nd7 Qg5 44. Qa4 Rd8 45. Rb1 Bc8 46. Nb6 Bb7 47. Nc4 Bc8 48.
Qc6 e5 49. Qc7 Be6 50. Nxe5 Nxe5 51. Qxe5 Qxe5 52. Bxe5 c4 53. a4 a5 54. Kh2 Bb4
55. Rc1 Rc8 56. f4 c3 57. Ba6 Rc5 58. Bd4 Rc6 59. Bb5 Rc8 60. Ba6 Rc6 61. Bb5
Rc7 62. Be5 Rc8 63. Ba6 Rc5 64. Bd4 Rc7 65. Be5 Rc6 66. Bb5 Rc5 67. Bd4 Rc8 68.
Ba6 Rc6 69. Bb5 Rc8 70. Ba6 Rc7 71. Be5 Rc5 72. Bd4 1/2-1/2

[Event "32nd ECC Open 2016"]
[Site "Novi Sad SRB"]
[Date "2016.11.07"]
[Round "2.20"]
[Board "2"]
[White "Coenen, Michael"]
[Black "Papadopoulos, Argirios"]
[Result "0-1"]
[BlackTitle "FM"]
[WhiteElo "2393"]
[BlackElo "2194"]
[WhiteTeam "KSK Rochade Eupen-Kelmis"]
[BlackTeam "Chania Chess Academy"]
[WhiteFideId "4697367"]
[BlackFideId "4241509"]
[EventDate "2016.11.06"]

1. e4 e5 2. Nf3 Nc6 3. d4 exd4 4. Nxd4 Bc5 5. Nxc6 Qf6 6. Qf3 bxc6 7. Nd2 Ne7 8.
Qxf6 gxf6 9. Nb3 Bb6 10. a4 a5 11. Bd2 f5 12. e5 Rg8 13. g3 Ng6 14. f4 Bb7 15.
Bc4 h5 16. Ke2 h4 17. Be3 Rg7 18. Rhg1 O-O-O 19. Bd3 Ne7 20. Bc5 Bxc5 21. Nxc5
d6 22. exd6 cxd6 23. Nb3 Rh8 24. Rae1 c5 25. Nxa5 Be4 26. Nc4 Kc7 27. g4 d5 28.
Nd2 fxg4 29. Bxe4 dxe4 30. Nxe4 Nd5 31. f5 Kc6 32. Kd2 Rh5 33. Ref1 Rg8 34. Rf2
Rd8 35. Kc1 Ne3 36. Re2 Nxf5 37. Nf6 Nd4 38. Re3 Rg5 39. c3 Nb3+ 40. Kc2 c4 41.
Re2 g3 42. hxg3 Rxg3 43. Rxg3 hxg3 44. Nh5 Rg8 45. Rg2 Re8 46. Rg1 Re2+ 47. Kb1
g2 48. Nf4 Rf2 49. Nxg2 Nd2+ 50. Ka2 Nf3 51. Rh1 Rxg2 52. Rh6+ Rg6 53. Rh5 Rg5
54. Rh6+ Kb7 55. Ka3 Rg6 56. Rh5 Ng5 57. Kb4 f5 58. Kxc4 f4 59. Kd3 f3 60. Rh2
Re6 61. b4 Kc6 62. c4 0-1

[Event "32nd ECC Open 2016"]
[Site "Novi Sad SRB"]
[Date "2016.11.07"]
[Round "2.20"]
[Board "3"]
[White "Liodakis, Konstantinos-Spyros"]
[Black "Klein, Felix"]
[Result "1-0"]
[BlackTitle "FM"]
[WhiteElo "2175"]
[BlackElo "2321"]
[WhiteTeam "Chania Chess Academy"]
[BlackTeam "KSK Rochade Eupen-Kelmis"]
[WhiteFideId "4217136"]
[BlackFideId "24600458"]
[EventDate "2016.11.06"]

1. d4 d5 2. c4 e6 3. Nc3 c6 4. e4 dxe4 5. Nxe4 Bb4+ 6. Bd2 Qxd4 7. Bxb4 Qxe4+ 8.
Be2 a5 9. Bd6 Qxg2 10. Bf3 Qg5 11. Ne2 Nd7 12. Rg1 Qf6 13. Nc3 g6 14. Qe2 Nh6
15. O-O-O Nf5 16. Ne4 Qh4 17. Bg4 b6 18. Bxf5 gxf5 19. Ng5 Qh6 20. Kb1 Bb7 21.
Bf4 Qf6 22. Rxd7 Kxd7 23. Be5 Qe7 24. Qd2+ Kc8 25. Bxh8 Ba6 26. Nxh7 Kb7 27. Bf6
Qc7 28. b3 a4 29. Rg7 axb3 30. axb3 Ka7 31. Ng5 Qxh2 32. Rxf7+ Bb7 33. Nxe6 Qh1+
34. Kb2 Rb8 35. Qb4 Re8 36. Bd4 c5 37. Qa4+ 1-0

[Event "32nd ECC Open 2016"]
[Site "Novi Sad SRB"]
[Date "2016.11.07"]
[Round "2.20"]
[Board "4"]
[White "Meessen, Rudolf"]
[Black "Tsarouhas, Konstantinos"]
[Result "1/2-1/2"]
[WhiteTitle "FM"]
[WhiteElo "2297"]
[BlackElo "2121"]
[WhiteTeam "KSK Rochade Eupen-Kelmis"]
[BlackTeam "Chania Chess Academy"]
[WhiteFideId "202029"]
[BlackFideId "4201094"]
[EventDate "2016.11.06"]

1. d4 Nf6 2. Bg5 c5 3. d5 Qb6 4. Nc3 Qxb2 5. Bd2 Qb6 6. e4 d6 7. f4 Nbd7 8. Nf3
Qc7 9. Rb1 a6 10. a4 g6 11. Qe2 Bh6 12. g3 O-O 13. Bg2 Rb8 14. O-O Bg7 15. e5
dxe5 16. fxe5 Ng4 17. d6 Qd8 18. Nd5 e6 19. Ne7+ Kh8 20. Bc3 Qe8 21. Qe4 Nh6 22.
g4 b5 23. axb5 axb5 24. Nc6 Bb7 25. Rxb5 Bxc6 26. Qxc6 Rxb5 27. Qxb5 Nxg4 28.
Re1 Qc8 29. h3 Nh6 30. Nd2 Nf5 31. Bb7 Qd8 32. Nf3 Nxd6 33. exd6 Bxc3 34. Re3
Ne5 35. Nxe5 Bxe5 36. Qxc5 Qg5+ 37. Bg2 Bf4 1/2-1/2

[Event "32nd ECC Open 2016"]
[Site "Novi Sad SRB"]
[Date "2016.11.07"]
[Round "2.20"]
[Board "5"]
[White "Georgakopoulos, Nikolaos K."]
[Black "Ahn, Martin"]
[Result "0-1"]
[BlackTitle "FM"]
[WhiteElo "2025"]
[BlackElo "2236"]
[WhiteTeam "Chania Chess Academy"]
[BlackTeam "KSK Rochade Eupen-Kelmis"]
[WhiteFideId "4283430"]
[BlackFideId "200972"]
[EventDate "2016.11.06"]

1. e4 g6 2. d4 Bg7 3. Nc3 d6 4. Be3 a6 5. Qd2 Nd7 6. O-O-O b5 7. Kb1 Nb6 8. b3
b4 9. Nce2 a5 10. Nc1 Ba6 11. Bxa6 Rxa6 12. Nge2 Qa8 13. f3 h5 14. h4 Nf6 15.
Nd3 Nc8 16. Ndf4 e6 17. Nh3 a4 18. Nf2 Na7 19. Rdg1 axb3 20. cxb3 Nb5 21. Rc1 c5
22. Qb2 O-O 23. Rhd1 Qb7 24. Rd2 Rfa8 25. Nd1 Nxe4 26. fxe4 Qxe4+ 27. Rcc2 Rxa2
28. Qxa2 Rxa2 29. Kxa2 cxd4 30. Rc8+ Kh7 31. Nxd4 Nxd4 32. Bxd4 Bxd4 33. Nb2
Bxb2 34. Kxb2 d5 35. Ka2 Qxh4 36. Rc7 Kg7 37. Rd7 Qf4 38. Rc2 h4 39. Re2 Kh6 40.
Rd8 g5 41. Rc2 Qe4 42. Rdc8 Qe5 43. R8c7 Kg6 44. Rc8 Kg7 45. Ra8 g4 46. Ra7 g3
47. Rb7 Qe4 48. Kb2 h3 0-1

[Event "32nd ECC Open 2016"]
[Site "Novi Sad SRB"]
[Date "2016.11.07"]
[Round "2.20"]
[Board "6"]
[White "Coenen, Norbert"]
[Black "Vozinaki, Anthi - Maria"]
[Result "1-0"]
[WhiteTitle "IM"]
[WhiteElo "2304"]
[BlackElo "1870"]
[WhiteTeam "KSK Rochade Eupen-Kelmis"]
[BlackTeam "Chania Chess Academy"]
[WhiteFideId "4619455"]
[BlackFideId "4263898"]
[EventDate "2016.11.06"]

1. e4 c5 2. Nf3 e6 3. b3 b6 4. c4 Bb7 5. Nc3 Nc6 6. Bb2 Nge7 7. d4 cxd4 8. Nxd4
Nxd4 9. Qxd4 Nc6 10. Qd2 d6 11. Rd1 Nb4 12. a3 Na6 13. b4 Nc7 14. Qe3 Be7 15. e5
d5 16. cxd5 exd5 17. Be2 Qd7 18. O-O O-O 19. Rd2 Qe6 20. Bf3 h6 21. Bd1 Qg6 22.
Ne2 Ne6 23. Bc2 Qg4 24. h3 Qh4 25. Nd4 Nxd4 26. Rxd4 Qh5 27. f4 a5 28. f5 axb4
29. axb4 Qg5 30. Qf2 Ba6 31. Rg4 Qxg4 32. hxg4 Bxf1 33. Qxf1 Bxb4 34. f6 Bc5+
35. Kh1 d4 36. fxg7 Rfe8 37. Qf5 Kxg7 38. Qf6+ Kf8 39. Bb3 Ra7 40. e6 Bd6 41.
e7+ Kg8 42. Qxf7+ 1-0

[Event "32nd ECC Open 2016"]
[Site "Novi Sad SRB"]
[Date "2016.11.07"]
[Round "2.21"]
[Board "1"]
[White "Lauber, Arnd"]
[Black "Martinovic, Sasa"]
[Result "1/2-1/2"]
[WhiteTitle "IM"]
[BlackTitle "GM"]
[WhiteElo "2434"]
[BlackElo "2560"]
[WhiteTeam "Schachfreunde Berlin"]
[BlackTeam "SK Modra"]
[WhiteFideId "4632630"]
[BlackFideId "14509792"]
[EventDate "2016.11.06"]

1. d4 Nf6 2. c4 g6 3. Nc3 Bg7 4. e4 d6 5. Nf3 O-O 6. Be2 e5 7. O-O Na6 8. Re1
Qe8 9. Bf1 Bg4 10. d5 Nb4 11. a3 Bxf3 12. gxf3 Na6 13. b4 Nh5 14. c5 dxc5 15.
Bxa6 bxa6 16. bxc5 Qe7 17. d6 cxd6 18. Nd5 Qh4 19. c6 Kh8 20. Rb1 Rac8 21. c7 f5
22. Rb7 Nf6 23. Nxf6 Qxf6 24. Be3 fxe4 25. fxe4 Qh4 26. Qc2 Bh6 27. Bxh6 Qg4+
28. Kh1 Qf3+ 29. Kg1 Qg4+ 30. Kh1 Qf3+ 31. Kg1 Qg4+ 32. Kh1 Qf3+ 1/2-1/2

[Event "32nd ECC Open 2016"]
[Site "Novi Sad SRB"]
[Date "2016.11.07"]
[Round "2.21"]
[Board "2"]
[White "Maslik, Miroslav"]
[Black "Baldauf, Marco"]
[Result "1/2-1/2"]
[WhiteTitle "IM"]
[BlackTitle "IM"]
[WhiteElo "2337"]
[BlackElo "2431"]
[WhiteTeam "SK Modra"]
[BlackTeam "Schachfreunde Berlin"]
[WhiteFideId "14902192"]
[BlackFideId "4688210"]
[EventDate "2016.11.06"]

1. d4 Nf6 2. c4 g6 3. Nc3 d5 4. cxd5 Nxd5 5. e4 Nxc3 6. bxc3 Bg7 7. Nf3 c5 8.
Rb1 O-O 9. Be2 cxd4 10. cxd4 Qa5+ 11. Bd2 Qxa2 12. O-O Bg4 13. Bg5 h6 14. Be3
Nc6 15. d5 Na5 16. Bc5 b6 17. Bxe7 Rfe8 18. d6 Nc6 19. Bb5 Nxe7 20. h3 Bxf3 21.
Qxf3 Qe6 22. Bxe8 Rxe8 23. dxe7 Qxe7 24. Rfd1 Qxe4 25. Qxe4 Rxe4 26. Rd8+ Bf8
27. Ra8 Re7 28. Ra1 a5 29. Rb1 Re6 30. Rb8 a4 31. R1xb6 Re1+ 32. Kh2 a3 33. Ra8
Kg7 34. Rc6 Re2 35. f4 Rd2 36. Kg3 Bb4 37. Ra7 Rd3+ 38. Kf2 Rd5 39. Kf3 h5 40.
Rcc7 Rf5 41. g4 hxg4+ 42. hxg4 Rf6 43. g5 Rf5 44. Rc8 Ra5 45. Rxa5 Bxa5 46. Ra8
Bb4 47. Ke4 Bc5 48. Ke5 Bb4 49. Ra4 Bc3+ 50. Kd6 Bd2 51. Kc5 Bc1 52. Kd5 Bb2 53.
Kc4 Bc1 1/2-1/2

[Event "32nd ECC Open 2016"]
[Site "Novi Sad SRB"]
[Date "2016.11.07"]
[Round "2.21"]
[Board "3"]
[White "Polzin, Rainer"]
[Black "Schwarz, Dusan"]
[Result "1-0"]
[WhiteTitle "GM"]
[WhiteElo "2413"]
[BlackElo "2278"]
[WhiteTeam "Schachfreunde Berlin"]
[BlackTeam "SK Modra"]
[WhiteFideId "4610741"]
[BlackFideId "14903890"]
[EventDate "2016.11.06"]

1. e4 c5 2. Nf3 d6 3. d4 cxd4 4. Qxd4 Nc6 5. Bb5 Bd7 6. Bxc6 Bxc6 7. Bg5 Nf6 8.
Nc3 e5 9. Qd3 Be7 10. Rd1 Qa5 11. O-O O-O 12. a3 Rfd8 13. b4 Qb6 14. Nh4 d5 15.
Nf5 dxe4 16. Nxe7+ Kf8 17. Qg3 Kxe7 18. Qxe5+ Kf8 19. Bxf6 gxf6 20. Qxf6 e3 21.
Qh8+ Ke7 22. Qe5+ Kf8 23. fxe3 Rxd1 24. Qh8+ Ke7 25. Qf6+ 1-0

[Event "32nd ECC Open 2016"]
[Site "Novi Sad SRB"]
[Date "2016.11.07"]
[Round "2.21"]
[Board "4"]
[White "Federic, Jozef"]
[Black "Wendt, Jan-Dietrich"]
[Result "1-0"]
[WhiteTitle "FM"]
[BlackTitle "FM"]
[WhiteElo "2290"]
[BlackElo "2332"]
[WhiteTeam "SK Modra"]
[BlackTeam "Schachfreunde Berlin"]
[WhiteFideId "14910659"]
[BlackFideId "4623797"]
[EventDate "2016.11.06"]

1. d4 Nf6 2. Nf3 d6 3. Bf4 c5 4. e3 Qb6 5. b3 g6 6. Be2 Bg7 7. h3 Nc6 8. c3 O-O
9. O-O cxd4 10. exd4 e5 11. dxe5 dxe5 12. Nxe5 Rd8 13. Qc1 Nd5 14. Nxc6 Qxc6 15.
Bf3 Nxf4 16. Qxf4 Qb6 17. Nd2 Bxc3 18. Nc4 Qb4 19. Rad1 Bf5 20. Qc7 Rd4 21. Rxd4
Bxd4 22. Bxb7 Re8 23. Nd6 Rf8 24. Nxf7 Qb6 25. Nh6+ Kh8 26. Qe7 Qf6 27. Nxf5
Qxf5 28. Bf3 Bc5 29. Qe2 Bd6 30. Rd1 Qf4 31. g3 Qe5 32. Qxe5+ Bxe5 33. Kg2 Rf7
34. Rd8+ Kg7 35. Bd5 Re7 36. Bc4 Bc7 37. Rg8+ Kf6 38. Rf8+ Ke5 39. f4+ Ke4 40.
Rf7 Rxf7 41. Bxf7 Bd8 42. h4 Kf5 43. Kf3 h5 44. b4 Bb6 45. a4 Bd4 46. Bb3 Bc3
47. b5 Be1 48. Bf7 Kf6 49. Be8 Kf5 50. Bc6 Ba5 51. Be4+ Kf6 52. Bc6 Be1 53. g4
hxg4+ 54. Kxg4 Bd2 55. Be8 Be1 56. h5 gxh5+ 57. Bxh5 Bd2 58. Be8 Ba5 59. Kf3 Bd2
60. Ke4 Ba5 61. Bd7 Bc7 62. Bc8 Ba5 63. Kd5 Bd2 64. f5 Bc3 65. Kc6 Ba5 66. Kb7
Bb6 67. a5 Bd4 68. b6 axb6 69. axb6 Ke7 70. Kc6 Be5 71. Be6 Bf4 72. Kb7 Be3 73.
Kc7 Bf4+ 74. Kc8 1-0

[Event "32nd ECC Open 2016"]
[Site "Novi Sad SRB"]
[Date "2016.11.07"]
[Round "2.21"]
[Board "5"]
[White "Lundin, Jan"]
[Black "Banas, Kamil"]
[Result "1-0"]
[WhiteTitle "FM"]
[WhiteElo "2264"]
[BlackElo "2243"]
[WhiteTeam "Schachfreunde Berlin"]
[BlackTeam "SK Modra"]
[WhiteFideId "1706896"]
[BlackFideId "14902141"]
[EventDate "2016.11.06"]

1. e4 c5 2. Nf3 e6 3. d4 cxd4 4. Nxd4 Nf6 5. Nc3 d6 6. g3 a6 7. Bg2 Be7 8. O-O
O-O 9. Be3 Qc7 10. Qe2 Bd7 11. a4 Nc6 12. Nxc6 Bxc6 13. a5 Rac8 14. Rfd1 Rfe8
15. Bb6 Qb8 16. Rd2 d5 17. exd5 exd5 18. Bd4 Bb4 19. Qd1 Ne4 20. Qg4 Bf8 21.
Nxe4 dxe4 22. h4 Rcd8 23. h5 Qc8 24. Qf4 Qe6 25. Rad1 Rd5 26. Qh4 Be7 27. Qxe4
Rxh5 28. Qxe6 fxe6 29. Bc3 Bxg2 30. Kxg2 Rb5 31. Rd7 Bf8 32. Rc7 Re7 33. Rc8 Rd5
34. Rxd5 exd5 35. Bb4 Rf7 36. Rb8 g6 37. Bxf8 Rxf8 38. Rxb7 Rc8 39. c3 Rc5 40.
b4 Rxc3 41. b5 1-0

[Event "32nd ECC Open 2016"]
[Site "Novi Sad SRB"]
[Date "2016.11.07"]
[Round "2.21"]
[Board "6"]
[White "Mydlarik, Martin"]
[Black "Noetzel, Felix"]
[Result "1-0"]
[WhiteElo "2084"]
[BlackElo "2209"]
[WhiteTeam "SK Modra"]
[BlackTeam "Schachfreunde Berlin"]
[WhiteFideId "14904829"]
[BlackFideId "24637416"]
[EventDate "2016.11.06"]

1. e4 d5 2. exd5 Qxd5 3. Nc3 Qa5 4. d4 c6 5. Nf3 Nf6 6. Bc4 Bf5 7. Bd2 e6 8. Qe2
Bb4 9. O-O-O Nbd7 10. a3 Bxc3 11. Bxc3 Qc7 12. Kb1 O-O-O 13. Bd2 h6 14. h3 Nd5
15. Rhe1 g5 16. Ne5 Nxe5 17. dxe5 Qb6 18. Qf3 Kb8 19. Bb3 Rd7 20. Kc1 Rhd8 21.
g4 Bg6 22. h4 Nf4 23. Bxf4 gxf4 24. h5 Bd3 25. Qxf4 Qc5 26. Qe3 Qxe3+ 27. Rxe3
Bh7 28. Rxd7 Rxd7 29. c3 Kc7 30. Bc2 Bxc2 31. Kxc2 Rd5 32. f4 Rd8 33. Rd3 Rg8
34. Rg3 Kd7 35. Kd3 Ke7 36. Ke4 Rd8 37. Rd3 Rg8 38. Kf3 Rg7 39. Kg3 f5 40. exf6+
Kxf6 41. Kh4 Re7 42. Rd6 Rg7 43. f5 Ke5 44. Rxe6+ Kf4 45. Kh3 Rxg4 46. Rxh6 Rg3+
47. Kh2 Rg5 48. f6 Rf5 49. Rh7 Rxf6 50. Rxb7 Rh6 51. Rxa7 Rxh5+ 52. Kg2 Ke4 53.
Rd7 Rh8 54. Rd4+ Ke3 55. Rc4 Rh6 56. a4 Kd3 57. Rc5 Re6 58. b4 Re2+ 59. Kf3 1-0